Dynamo Kyiv Goalkeeper By Year - Statistics

General Stats
  • This quiz has been taken 64 times
    7 since last reset
  • The average score is 10 of 23
Answer Stats
Season Goalkeeper % Correct
2024-25 Heorhiy Bushchan
80%
2023-24 Heorhiy Bushchan
80%
2021-22 Heorhiy Bushchan
80%
2020-21 Heorhiy Bushchan
80%
2019-20 Heorhiy Bushchan
80%
2015-16 Oleksandr Shovkovskiy
40%
2014-15 Oleksandr Shovkovskiy
40%
2011-12 Oleksandr Shovkovskiy
40%
2009-10 Oleksandr Shovkovskiy
40%
2007-08 Oleksandr Shovkovskiy
40%
2006-07 Oleksandr Shovkovskiy
40%
2005-06 Oleksandr Shovkovskiy
40%
2004-05 Oleksandr Shovkovskiy
40%
2003-04 Oleksandr Shovkovskiy
40%
2025-26 Ruslan Neshcheret
40%
2022-23 Ruslan Neshcheret
40%
2016-17 Artur Rudko
20%
2018-19 Denys Boyko
20%
2017-18 Denys Boyko
20%
2013-14 Maksym Koval
20%
2012-13 Maksym Koval
20%
2010-11 Maksym Koval
20%
2008-09 Stanislav Bohush
20%
No matching quizzes found
Score Distribution
Percent of People with Each Score
Percentile by Number Answered
Your Score History
You have not taken this quiz since the last reset